000 00429nam a2200181Ia 4500
001 28528
003 IN-NITTTR
005 20251114233352.0
008 251113s9999||||xx |||||||||||||| ||eng||
040 _beng
040 _cIN-NITTTR
041 _aeng
082 _a005.133D133J
100 _aDeitel, Paul
245 0 _aJava :
_b How to Program /
_cDeitel,Paul, Deitel, Harvey
700 _a Deitel, Harvey
942 _2ddc
_cBK
999 _c31156
_d31156